Pravidla versus diskreční zásahy: k časové nekonzistenci.

Príčinou zlyhania monetaristického pravidla udržania stáleho rastu peňažnej zásoby a tým aj cenovej hladiny môže byť príliš diskrečné prostredie a podvádzanie zo strany úradov (vlády). Tento proces podvádzania je známy pod názvom časovo nekonzistentné riešenie. Historický náčrt diskusií o tomto prob...

Descrizione completa

Salvato in:
Dettagli Bibliografici
Autore principale: Tůma, Zdeněk
Natura: Capitolo di libro
Lingua:ceco
Soggetti:
Tags: Aggiungi Tag
Nessun Tag, puoi essere il primo ad aggiungerne!!

MARC

LEADER 00000naa a2200000 4500
001 r010335
005 20220831090754.7
041 0 |a cze 
044 |a [CS] 
245 1 0 |a Pravidla versus diskreční zásahy: k časové nekonzistenci.  |c Z. Tůma 
520 |a Príčinou zlyhania monetaristického pravidla udržania stáleho rastu peňažnej zásoby a tým aj cenovej hladiny môže byť príliš diskrečné prostredie a podvádzanie zo strany úradov (vlády). Tento proces podvádzania je známy pod názvom časovo nekonzistentné riešenie. Historický náčrt diskusií o tomto probléme a nového prúdu v tejto diskusii odštartovaného staťou Kydlanda a Prescotta (1977). Dve riešenia reputačnej rovnováhy - prostredníctvom pravidla a diskrečných zásahov. 
610 2 0 |a inflácia 
610 2 0 |a intervencionizmus štátny 
610 2 0 |a peniaze 
610 2 0 |a zásoby 
610 2 0 |a nezamestnanosť 
610 2 0 |a teória peňažná 
610 2 0 |a modely 
100 1 |a Tůma, Zdeněk